| 000 | 00385nam a2200157Ia 4500 | ||
|---|---|---|---|
| 003 | Ost | ||
| 005 | 20260225132537.0 | ||
| 008 | 260225s9999||||xx |||||||||||||| ||und|| | ||
| 040 | _cfsic | ||
| 041 | _afre | ||
| 082 | _a956 | ||
| 100 |
_aRene berther _eAuteur |
||
| 245 | 0 | _aL 'occident et la guerre contre les arabes : | |
| 245 | 0 |
_bGuerre du golfe / _cRene berther |
|
| 942 | _cكتاب | ||
| 999 |
_c33288 _d33288 |
||